[Event "Schleswig Holstein-ch Seniors"]
[Site "Hanerau"]
[Date "2015.04.03"]
[Round "9"]
[White "Wollmann, Georg"]
[Black "Wichmann, Gerd"]
[Result "0-1"]
[WhiteElo "1170"]
[BlackElo "1524"]
[PlyCount "102"]
[EventDate "2015.03.28"]
[EventType "swiss"]
[EventRounds "9"]
[EventCountry "GER"]
[SourceTitle "EXT 2018"]
[Source "ChessBase"]
[SourceDate "2017.10.13"]
[SourceVersion "1"]
[SourceVersionDate "2017.10.13"]
[SourceQuality "1"]

1. e4 e6 2. d4 d5 3. Nd2 dxe4 4. Nxe4 Nd7 5. Nf3 Ngf6 6. Bd3 Nxe4 7. Bxe4 Nf6 8. Bg5 Be7 9. Bxf6 Bxf6 10. 0-0 0-0 11. c3 Rb8 12. Qc2 h6 13. Rfd1 Qe7 14. Re1 c6 15. d5 cxd5 16. Bxd5 Qc7 17. Bb3 Bd7 18. Re3 Bc6 19. Rae1 Rbd8 20. Rd3 Rxd3 21. Qxd3 Rd8 22. Qe3 a6 23. Rd1 Rxd1+ 24. Bxd1 Qd6 25. Bc2 Bd8 26. Qd3 Qxd3 27. Bxd3 Bxf3 28. gxf3 Bg5 29. c4 a5 30. a4 b6 31. Kf1 Bf4 32. h3 Kf8 33. Ke2 Ke7 34. Bc2 Kd6 35. Kd3 f5 36. h4 g5 37. hxg5 Bxg5 38. b3 Kc5 39. Bd1 Bf4 40. Be2 h5 41. Bf1 Be5 42. Ke2 Kb4 43. Ke3 Kxb3 44. Be2 h4 45. f4 Bd6 46. Kd4 Bxf4 47. Bd1+ Kb4 48. f3 h3 49. Bc2 h2 50. Bd3 h1Q 51. Be2 Qa1+ 0-1

[Event "Schleswig Holstein-ch Seniors"]
[Site "Hanerau"]
[Date "2015.04.01"]
[Round "7"]
[White "Janus, Hannelore"]
[Black "Wollmann, Georg"]
[Result "1-0"]
[WhiteElo "1744"]
[BlackElo "1170"]
[PlyCount "129"]
[EventDate "2015.03.28"]
[EventType "swiss"]
[EventRounds "9"]
[EventCountry "GER"]
[SourceTitle "EXT 2018"]
[Source "ChessBase"]
[SourceDate "2017.10.13"]
[SourceVersion "1"]
[SourceVersionDate "2017.10.13"]
[SourceQuality "1"]

1. e4 c5 2. Nf3 e6 3. Be2 Nc6 4. c3 d6 5. d4 cxd4 6. Nxd4 Bd7 7. Bb5 a6 8. Nxc6 bxc6 9. Bd3 Nf6 10. 0-0 h6 11. Nd2 e5 12. h3 Be7 13. Nf3 0-0 14. Nh2 c5 15. c4 Bc6 16. Qe2 Bd7 17. b3 a5 18. a4 Rb8 19. Rb1 Be6 20. f4 exf4 21. Bxf4 Nh7 22. Qc2 Qd7 23. e5 f5 24. exd6 Bxd6 25. Bxd6 Qxd6 26. Bxf5 Qd4+ 27. Kh1 Rxf5 28. Rxf5 Bxf5 29. Qxf5 Rf8 30. Qd5+ Kh8 31. Qxd4 cxd4 32. Rd1 Rb8 33. Rd3 Re8 34. Kg1 Rd8 35. Nf3 Ng5 36. Nxg5 hxg5 37. g4 Kh7 38. Kf2 Rf8+ 39. Ke2 Re8+ 40. Kd2 Re4 41. Kc2 Re2+ 42. Rd2 Re4 43. Kd3 Rf4 44. c5 Rf3+ 45. Kc4 Rxh3 46. Rxd4 Rf3 47. c6 Rf8 48. Kc5 Rc8 49. b4 axb4 50. Rxb4 Kh6 51. Rb7 g6 52. Rb6 Rc7 53. a5 Ra7 54. a6 Re7 55. Kd6 Re4 56. c7 Rd4+ 57. Ke7 Rc4 58. Kd7 Rd4+ 59. Rd6 Rf4 60. c8Q Rf7+ 61. Kc6 Rh7 62. Rd7 Rxd7 63. Kxd7 Kg7 64. Ke6 Kh7 65. Kf6 1-0

[Event "Schleswig Holstein-ch Seniors"]
[Site "Hanerau"]
[Date "2015.03.31"]
[Round "5"]
[White "Wollmann, Georg"]
[Black "Harders, Werner"]
[Result "1/2-1/2"]
[WhiteElo "1170"]
[BlackElo "1574"]
[PlyCount "43"]
[EventDate "2015.03.28"]
[EventType "swiss"]
[EventRounds "9"]
[EventCountry "GER"]
[SourceTitle "EXT 2018"]
[Source "ChessBase"]
[SourceDate "2017.10.13"]
[SourceVersion "1"]
[SourceVersionDate "2017.10.13"]
[SourceQuality "1"]

1. e4 c6 2. d4 f6 3. Nc3 e6 4. Nf3 Bb4 5. Bd2 Ne7 6. Bc4 d5 7. exd5 Bxc3 8. Bxc3 cxd5 9. Bb3 Nbc6 10. Ba4 0-0 11. 0-0 Bd7 12. Bb3 Nf5 13. Re1 Kh8 14. Ba4 Nd6 15. Bxc6 bxc6 16. Bb4 Qc7 17. c3 Rfe8 18. Bxd6 Qxd6 19. Qd3 c5 20. dxc5 Qxc5 21. Qd4 Qc6 22. Rad1 1/2-1/2